000 01215nam a2200253Ia 4500
003 Ost
005 20260507075332.0
008 260507s9999||||xx |||||||||||||| ||und||
040 _cfsecg
041 _aara
082 _a330
100 _aعساف، عبد المعطي محمد
_eمؤلف
245 0 _aالتدريب و تنمية الموارد البشرية :
_bالأسسس و العمليات /
_c عبد المعطي محمد عساف
260 _aعمان:
_bدار زهران,
_c2009
300 _a343 صفحة؛
_bإيضاحات ؛
_c25 سم
504 _aفهرس الاشكال ص.3 ؛ فهرس الجداول ص.5
520 _aالتدريب و التنمية ، أساسيات التدريب ، تحديد الاحتياجات التدريبية و الاساليب التدريبية ، المعينات أو المساعدات التدريبية و الحقائب التدريبية ، نظام التدريب و العملية التدريبية
653 _aإدارة الأفراد
653 _aالتدريب المهني
653 _aالتنمية
653 _aالموارد البشرية
700 _aحمدان، يعقوب
_eمؤلف ثانوي
942 _cكتاب
999 _c44018
_d44018